[Event "40th Bosna Open"]
[Site "Sarajevo BIH"]
[Date "2010.05.12"]
[Round "8"]
[White "Urosevic,A"]
[Black "Berczes,D"]
[Result "0-1"]
[WhiteElo "2240"]
[BlackElo "2519"]
[EventDate "2010.05.05"]

1. c4 b6 2. Nf3 Bb7 3. e3 e6 4. Be2 Nf6 5. O-O d5 6. b3 Nbd7 7. Bb2 Bd6 8.
cxd5 exd5 9. h3 O-O 10. d3 c5 11. Nbd2 Re8 12. Re1 a6 13. Bf1 Nf8 14. Qc2
Rc8 15. Rad1 Ne6 16. Qb1 Nd7 17. Qa1 Ndf8 18. a3 h6 19. g3 Ng6 20. Bg2 Qc7
21. Nf1 Qb8 22. h4 Qa8 23. h5 Ngf8 24. Nh4 d4 25. e4 Nd7 26. f4 b5 27. Nf5
Bf8 28. Nh2 Nf6 29. Bf3 c4 30. bxc4 bxc4 31. dxc4 Nxe4 32. Kg2 Rxc4 33. Rc1
Nd2 34. Bxb7 Qxb7+ 35. Kh3 Qd7 36. Ng4 Rb8 37. Re5 Rb3 38. Rxc4 Nxc4 39.
Qa2 Nxf4+ 40. Kh4 Qd8+ 0-1

[Event "40th Bosna Open"]
[Site "Sarajevo BIH"]
[Date "2010.05.12"]
[Round "8"]
[White "Ivanisevic,I"]
[Black "Stojanovic,Da"]
[Result "1/2-1/2"]
[WhiteElo "2630"]
[BlackElo "2481"]
[EventDate "2010.05.05"]

1. d4 d5 2. c4 c6 3. Nc3 Nf6 4. e3 g6 5. Nf3 Bg7 6. Bd3 O-O 7. h3 c5 8.
Nxd5 Nxd5 9. cxd5 Qxd5 10. e4 Qd8 11. d5 e6 12. Bg5 Qd6 13. Bc4 b5 14. Bxb5
exd5 15. Qxd5 Qb6 16. Qd3 Nc6 17. O-O Be6 18. Bc4 Rfe8 19. Rfd1 Bxc4 20.
Qxc4 Nd4 21. Nd2 Qxb2 22. Rab1 Qc3 23. Rdc1 Qxc4 24. Rxc4 Ne2+ 25. Kf1 Nc3
26. Rb3 Nxa2 27. Rxc5 Rac8 28. Rxc8 Rxc8 29. Be3 a6 30. Rb7 a5 31. Nc4 Nc3
32. f3 a4 33. Bd2 h5 34. Nb6 Rc6 35. Bxc3 Rxc3 36. Nxa4 Rc1+ 37. Kf2 Rc2+
38. Kf1 Rc1+ 39. Ke2 Rc2+ 40. Kf1 1/2-1/2

[Event "40th Bosna Open"]
[Site "Sarajevo BIH"]
[Date "2010.05.12"]
[Round "8"]
[White "Kantorik,M"]
[Black "Mamedov,Nid"]
[Result "1/2-1/2"]
[WhiteElo "2390"]
[BlackElo "2614"]
[EventDate "2010.05.05"]

1. d4 Nf6 2. Nf3 d6 3. h3 g6 4. Bf4 Bg7 5. e3 O-O 6. Be2 Nbd7 7. O-O Qe8 8.
Bh2 e5 9. c4 exd4 10. exd4 Ne4 11. Nc3 f5 12. Re1 Ndf6 13. Bd3 Qf7 14. Nxe4
Nxe4 15. Qc2 Bd7 16. Re2 h6 17. Rae1 Rae8 18. h4 Qf6 19. Qb3 Bc6 20. c5+
Kh8 21. Qc4 a6 22. a4 g5 23. hxg5 hxg5 24. d5 Bd7 25. cxd6 cxd6 26. Bxe4
Rxe4 27. Rxe4 fxe4 28. Rxe4 g4 29. Rxg4 Bxg4 30. Qxg4 Qf5 31. Qh4+ Kg8 32.
Bxd6 Rf6 33. Bb4 Qxd5 34. Bc3 Rg6 35. Bxg7 Rxg7 36. Qf6 Qd1+ 37. Kh2 Qxa4
38. Qe6+ Kf8 39. Qd6+ Re7 40. Qf6+ Ke8 41. Ne5 Rh7+ 42. Kg3 Qb3+ 43. f3
Qg8+ 44. Kf2 Re7 45. Qd6 Rg7 46. g4 Qf8 47. Qd5 Qf4 48. Qd6 Qf8 49. Qd5 Qf6
50. Kg3 Qb6 51. b3 Qg1+ 52. Kf4 Qh2+ 53. Ke3 Rh7 54. Qe6+ Kd8 55. Nf7+ Kc7
56. Qe7+ Kc6 57. Qe6+ Kb5 58. Nd6+ Kb4 59. Qc4+ Ka3 60. Qa4+ Kb2 61. Nc4+
Kb1 62. Nd2+ Kb2 63. Nc4+ Kb1 64. Nd2+ Kb2 65. Qd4+ Ka2 66. Qa4+ Kb2 67.
Nc4+ Kb1 68. Nd2+ Kb2 69. Nc4+ Kb1 70. Nd2+ Kb2 71. Nc4+ Kb1 72. Nd2+ Kb2
1/2-1/2

[Event "40th Bosna Open"]
[Site "Sarajevo BIH"]
[Date "2010.05.12"]
[Round "8"]
[White "Stojanovic,Andj"]
[Black "Bosiocic,Mari"]
[Result "0-1"]
[WhiteElo "2305"]
[BlackElo "2562"]
[EventDate "2010.05.05"]

1. Nf3 f5 2. g3 g6 3. Bg2 Nh6 4. d4 Bg7 5. c4 Nf7 6. O-O e6 7. Nc3 d5 8.
cxd5 exd5 9. Ne5 c6 10. f4 O-O 11. e3 Na6 12. Rb1 Nc7 13. b4 Nd6 14. a4 a6
15. Re1 Be6 16. Bf1 Nc4 17. a5 Nb5 18. Na4 Qe7 19. Qc2 Ncd6 20. Bb2 Ne4 21.
Nc5 g5 22. Bxb5 axb5 23. a6 bxa6 24. Ra1 Bxe5 25. Nxe4 Bxf4 26. Nc5 Bd6 27.
Nxa6 Bd7 28. Nc5 Rxa1 29. Bxa1 f4 30. e4 fxg3 31. e5 gxh2+ 32. Qxh2 Bxc5
33. dxc5 Be6 34. Bc3 Rf4 35. Rf1 Rg4+ 36. Kf2 Qf7+ 0-1

[Event "40th Bosna Open"]
[Site "Sarajevo BIH"]
[Date "2010.05.11"]
[Round "7"]
[White "Huschenbeth,N"]
[Black "Berg,E"]
[Result "0-1"]
[WhiteElo "2457"]
[BlackElo "2616"]
[EventDate "2010.05.05"]

1. e4 c5 2. Nf3 d6 3. d4 cxd4 4. Nxd4 Nf6 5. Nc3 a6 6. Bg5 Nbd7 7. Bc4 Qb6
8. Bb3 e6 9. O-O Be7 10. a4 Nc5 11. a5 Qc7 12. Ba2 h6 13. Be3 Ncxe4 14.
Nxe4 Nxe4 15. Qg4 Nf6 16. Qxg7 Rg8 17. Qxh6 Bd7 18. f3 O-O-O 19. Ne2 Rg6
20. Qf4 Rdg8 21. g3 Nh5 22. Qc4 Bc6 23. Bb6 Qb8 24. Bf2 d5 25. Qd3 Bd6 26.
Kg2 Nf4+ 27. Nxf4 Bxf4 28. Rg1 d4 29. Kf1 Be3 30. Bxe3 dxe3 31. Ke2 Qe5 32.
Qxe3 Qxb2 33. Bb3 Qh8 34. Rg2 Qxa1 0-1

[Event "40th Bosna Open"]
[Site "Sarajevo BIH"]
[Date "2010.05.11"]
[Round "7"]
[White "Thorfinnsson,Br"]
[Black "Saric,Iv"]
[Result "0-1"]
[WhiteElo "2422"]
[BlackElo "2580"]
[EventDate "2010.05.05"]

1. d4 d5 2. c4 c6 3. Nf3 Nf6 4. Nc3 e6 5. Bg5 h6 6. Bh4 dxc4 7. e4 g5 8.
Bg3 b5 9. Be2 Bb7 10. O-O Nbd7 11. h4 b4 12. Na4 Nxe4 13. Be5 Rg8 14. Qc2
c5 15. Rad1 g4 16. Nd2 cxd4 17. Nxe4 Nxe5 18. Rxd4 Bd5 19. Rfd1 Nf3+ 20.
Bxf3 gxf3 21. g3 Be7 22. Nac5 Bxc5 23. Nxc5 Qc7 24. Ne4 Ke7 25. Qd2 a5 26.
Qe3 Bxe4 27. Qxe4 Rxg3+ 28. Kf1 Rh3 29. Rd7+ Qxd7 30. Rxd7+ Kxd7 31. Qb7+
Kd6 32. Qb6+ Ke7 33. Qc7+ Kf8 34. Kg1 c3 35. bxc3 bxc3 36. Qf4 Rd8 37.
Qxh6+ Ke8 0-1

[Event "40th Bosna Open"]
[Site "Sarajevo BIH"]
[Date "2010.05.11"]
[Round "7"]
[White "Panarin,M"]
[Black "Mazi,L"]
[Result "1-0"]
[WhiteElo "2521"]
[BlackElo "2383"]
[EventDate "2010.05.05"]

1. e4 e5 2. Nf3 Nc6 3. Nc3 Nf6 4. Bb5 Bd6 5. a3 Nd4 6. Bc4 c6 7. d3 Nxf3+
8. Qxf3 O-O 9. O-O Be7 10. h3 d6 11. Ne2 Be6 12. Ng3 Ne8 13. Be3 d5 14. Bb3
Qd7 15. Qh5 dxe4 16. dxe4 Bxb3 17. cxb3 Qe6 18. Nf5 g6 19. Qg4 Nc7 20. Rad1
Rfd8 21. Nxe7+ Qxe7 22. Rxd8+ Qxd8 23. Rd1 Qe8 24. Rd7 h5 25. Qd1 Nd5 26.
Rxb7 Nxe3 27. fxe3 Rd8 28. Qc2 Rd7 29. Rxd7 Qxd7 30. Kh2 Qd6 31. b4 h4 32.
Qc5 Qf6 33. Qxa7 Qg5 34. Kg1 Qg3 35. Kf1 g5 36. Qc5 f6 37. Qc4+ Kg7 38. Qe2
Qh2 39. Qf2 g4 40. hxg4 h3 41. gxh3 Qh1+ 42. Ke2 Qxe4 43. Kd2 c5 44. bxc5
Qd5+ 45. Ke2 Qxc5 46. Kf3 Qc1 47. Kg3 Qb1 48. h4 Qc1 49. h5 Qb1 50. Kh2 Kf7
51. a4 Qd1 52. Kg3 Qxa4 53. h6 1-0

[Event "40th Bosna Open"]
[Site "Sarajevo BIH"]
[Date "2010.05.11"]
[Round "7"]
[White "Sebenik,M"]
[Black "Runic,Z"]
[Result "1-0"]
[WhiteElo "2515"]
[BlackElo "2398"]
[EventDate "2010.05.05"]

1. d4 Nf6 2. c4 c5 3. d5 b5 4. Qc2 bxc4 5. e4 e6 6. Bxc4 exd5 7. exd5 d6 8.
Nc3 Be7 9. Nge2 Nbd7 10. O-O O-O 11. a3 Ne5 12. Ba2 Re8 13. h3 Bf8 14. Bg5
h6 15. Bh4 Ng6 16. Bg3 Nh5 17. Rfe1 Qg5 18. Bc4 Bf5 19. Bd3 Bxd3 20. Qxd3
Rab8 21. Ne4 Ne5 22. Qc3 Qf5 23. f3 Qg6 24. Bxe5 Rxe5 25. Qd2 Be7 26. b4 f5
27. N4c3 cxb4 28. axb4 Bf6 29. f4 Re7 30. Nd4 Rxb4 31. Ncb5 Rxb5 32. Nxb5
Rb7 33. Rab1 Bh4 34. Rf1 Ng3 35. Rf3 Ne4 36. Qc2 Kh7 37. Rbb3 Bd8 38. Kh2
Bb6 39. Nd4 Rc7 40. Nc6 h5 41. Qd1 Qf6 42. Qe1 h4 43. Rb4 Rf7 44. Ra4 g6
45. Qa1 Rc7 46. Qe1 Kg7 47. Rfa3 Bc5 48. Rb3 Bf2 49. Qa5 Bb6 50. Rxb6 axb6
51. Qxb6 Rd7 52. Ra3 Nc5 53. Qb8 Rb7 54. Ra7 Rxa7 55. Qxa7+ Kh6 56. Qb8 Nd3
57. Qg8 Qg7 58. Qd8 Nxf4 59. Qxd6 Nh5 60. Ne5 Ng3 61. Nf3 Ne4 62. Qf4+ g5
63. Qxf5 Qg6 64. Qf8+ Qg7 65. Qe8 Qf6 66. Qxe4 1-0

[Event "40th Bosna Open"]
[Site "Sarajevo BIH"]
[Date "2010.05.11"]
[Round "7"]
[White "Rapport,R"]
[Black "Inants,A"]
[Result "0-1"]
[WhiteElo "2509"]
[BlackElo "2259"]
[EventDate "2010.05.05"]

1. d4 d5 2. Nf3 Nf6 3. c4 c6 4. e3 e6 5. Bd3 Nbd7 6. O-O Bd6 7. Nc3 dxc4 8.
Bxc4 b5 9. Bd3 Bb7 10. Ne2 O-O 11. a4 a6 12. Ng3 Re8 13. e4 e5 14. Nf5 Bc7
15. axb5 axb5 16. Rxa8 Bxa8 17. dxe5 Nxe5 18. Nxe5 Bxe5 19. b4 Bc3 20. Qf3
Bxb4 21. Bb2 c5 22. Rd1 Qb6 23. Qg3 g6 24. Qg5 c4 25. Bxf6 cxd3 26. e5 Qc6
27. Ne3 Bc5 28. h4 Bxe3 29. fxe3 Qc2 30. Rf1 Qe2 31. Rf2 Qe1+ 32. Rf1 d2
33. Qg4 Bd5 34. Qd1 Qxe3+ 35. Rf2 b4 36. Qxd2 Qxd2 37. Rxd2 Be6 38. Kf2 b3
39. Ke1 Rb8 40. Rb2 Bf5 41. Kd2 Bc2 42. Ke3 Rb4 43. Kf3 Kf8 44. Kg3 Ke8 45.
Kh3 Kd7 46. g4 Ke6 47. Kg3 Ra4 0-1

[Event "40th Bosna Open"]
[Site "Sarajevo BIH"]
[Date "2010.05.11"]
[Round "7"]
[White "Tratar,M"]
[Black "Urosevic,A"]
[Result "0-1"]
[WhiteElo "2507"]
[BlackElo "2240"]
[EventDate "2010.05.05"]

1. d4 Nf6 2. c4 e6 3. g3 d5 4. Nf3 Be7 5. Bg2 O-O 6. O-O c6 7. Qc2 b6 8.
Nbd2 Bb7 9. e4 Nbd7 10. e5 Ne8 11. cxd5 cxd5 12. Re1 Nc7 13. Nf1 Na6 14. a3
Rc8 15. Qd1 Nab8 16. h4 Nc6 17. Ne3 Na5 18. Bf1 Nb8 19. b3 Ba6 20. Bh3 Qd7
21. Bd2 Rc7 22. Ng5 h6 23. Nf3 Rfc8 24. h5 Qd8 25. Ra2 Qf8 26. Qb1 Bb5 27.
Bf1 Bxf1 28. Rxf1 a6 29. Kg2 Nac6 30. b4 b5 31. g4 Nd7 32. g5 Bxg5 33. Nxg5
hxg5 34. Ng4 Nxd4 35. Bxg5 Nf5 36. Rh1 Rc4 37. f3 f6 38. exf6 gxf6 39. Nh6+
Nxh6 40. Qg6+ Qg7 41. Bxh6 Qxg6+ 42. hxg6 Ne5 43. Re1 Rc2+ 44. Rxc2 Rxc2+
45. Kg3 Rc6 46. f4 Nxg6 47. f5 exf5 48. Rd1 Rc3+ 49. Kg2 Ne7 50. Bf4 Kf7
51. Bd6 Rxa3 52. Bc5 Ng6 0-1

[Event "40th Bosna Open"]
[Site "Sarajevo BIH"]
[Date "2010.05.11"]
[Round "7"]
[White "Bejtovic,J"]
[Black "Djukic,Ni"]
[Result "0-1"]
[WhiteElo "2379"]
[BlackElo "2495"]
[EventDate "2010.05.05"]

1. e4 c5 2. Nc3 Nc6 3. Bb5 Nd4 4. Bc4 e6 5. Nge2 a6 6. a4 Nf6 7. O-O d5 8.
exd5 exd5 9. Ba2 Bg4 10. f3 Bf5 11. d3 Be7 12. Nxd4 cxd4 13. Ne2 Bc5 14.
Bg5 O-O 15. Bxf6 Qxf6 16. Bxd5 Rae8 17. Be4 Bd7 18. Kh1 Qd6 19. f4 f5 20.
Bf3 Re3 21. Nc1 Be6 22. c3 dxc3 23. bxc3 Qxf4 24. Bd5 Qh6 25. Bxe6+ Rxe6
26. Nb3 Bd6 27. h3 Re3 28. Rf3 Rxf3 29. Qxf3 Qe6 30. Rb1 h5 31. Nd2 Rf7 32.
Qxh5 Qa2 33. Qd1 Bf4 34. Nf3 g5 35. Rb4 Re7 36. Qb3+ Qxb3 37. Rxb3 g4 38.
hxg4 fxg4 39. g3 gxf3 0-1

[Event "40th Bosna Open"]
[Site "Sarajevo BIH"]
[Date "2010.05.11"]
[Round "7"]
[White "Brandenburg,D"]
[Black "Maiorov,N1"]
[Result "1/2-1/2"]
[WhiteElo "2503"]
[BlackElo "2544"]
[EventDate "2010.05.05"]

1. e4 e5 2. Nf3 Nc6 3. Bc4 Bc5 4. c3 Nf6 5. d3 a6 6. Bb3 d6 7. h3 Ba7 8.
Nbd2 h6 9. O-O g5 10. Nc4 g4 11. hxg4 Bxg4 12. Be3 Qd7 13. Bxa7 Nxa7 14. d4
Nxe4 15. Qd3 Ng5 16. Nxg5 hxg5 17. dxe5 d5 18. Ne3 c6 19. f3 Be6 20. Kf2
O-O-O 21. Rh1 Qc7 22. Rxh8 Rxh8 23. Re1 Qb6 24. Qd1 a5 25. Qd4 Qxd4 26.
cxd4 Nb5 27. Rd1 Rh4 28. g4 Rh2+ 29. Ng2 Rh3 30. Ne3 Kd8 31. Kg2 Rh8 32.
Kg3 Bc8 33. Bc2 Nc7 34. Bf5 Bd7 35. a4 Ke7 36. b4 axb4 37. Rb1 Ra8 38. Rxb4
Ra7 39. Bc2 Kd8 40. Nf5 Na6 41. Rb1 c5 42. Nd6 Ke7 43. Bf5 cxd4 44. Bxd7
Kxd7 45. Nxf7 Nc5 46. Nxg5 Rxa4 47. e6+ Kd6 48. Rb6+ Ke7 49. Rb5 Rc4 50.
Kf2 d3 51. Ke1 Rc2 52. f4 Rc4 53. Kd2 Rc2+ 54. Ke1 Kf6 55. Rb4 Rg2 56. Rd4
Rxg4 57. Rxd5 b6 58. Re5 Rg1+ 59. Kd2 Rg2+ 60. Ke3 Re2+ 61. Kd4 Rxe5 62.
fxe5+ Ke7 63. Ke3 b5 64. Nf3 Kxe6 65. Nd4+ Kxe5 66. Nxb5 Kd5 67. Kd2 Kc4
68. Nd6+ Kd4 69. Nb5+ Kd5 70. Nc3+ Kc4 71. Nd1 Nb3+ 72. Ke3 d2 73. Ke4 Kb4
74. Kd3 Ka3 1/2-1/2

[Event "40th Bosna Open"]
[Site "Sarajevo BIH"]
[Date "2010.05.11"]
[Round "7"]
[White "Burovic,I"]
[Black "Nikolic,Pr"]
[Result "1/2-1/2"]
[WhiteElo "2352"]
[BlackElo "2602"]
[EventDate "2010.05.05"]

1. e4 e5 2. f4 exf4 3. Bc4 c6 4. Nc3 Ne7 5. Qh5 Ng6 6. d4 Bb4 7. Nge2 O-O
8. O-O d5 9. exd5 Nd7 10. dxc6 Nf6 11. Qb5 Bxc3 12. bxc3 bxc6 13. Qg5 Nd5
14. Qxd8 Rxd8 15. Nxf4 Ngxf4 16. Bxf4 Be6 17. Bg5 Re8 18. Ba6 Nxc3 19. Bb7
Rab8 20. Bxc6 Rec8 21. Bf3 Rb2 22. Bd2 Rxc2 23. Bxc3 R2xc3 24. d5 Bf5 25.
Rf2 Kf8 26. Re2 g6 27. Kf2 Ra3 28. Rd1 h5 29. Rd4 Rd8 30. h4 Rd6 31. Rb4
Rd7 32. Rb8+ Kg7 33. Rb3 Ra4 34. g3 Rd6 35. Rd2 Kf6 36. Rc3 Bd7 37. Rc7 Ke7
38. Bd1 Rf6+ 39. Kg2 Ra5 40. Bb3 Kd6 41. Rb7 Bc8 42. Rb8 Rc5 43. Rc2 Rxc2+
44. Bxc2 Kc7 45. Rb4 Ba6 46. Bb3 Be2 47. Rf4 Rxf4 48. gxf4 Kd6 49. Kf2 Bg4
50. Ke3 Kc5 51. d6 f6 52. Bf7 Kxd6 53. Bxg6 Kc5 54. Bf7 a5 1/2-1/2

[Event "40th Bosna Open"]
[Site "Sarajevo BIH"]
[Date "2010.05.11"]
[Round "7"]
[White "Kosintseva,N"]
[Black "Arapovic,V"]
[Result "1-0"]
[WhiteElo "2553"]
[BlackElo "2366"]
[EventDate "2010.05.05"]

1. e4 Nc6 2. Nf3 d6 3. d4 Nf6 4. Nc3 g6 5. h3 Bg7 6. Bd3 O-O 7. O-O e5 8.
Be3 Nh5 9. Bc4 exd4 10. Nxd4 Nxd4 11. Bxd4 Bxd4 12. Qxd4 Qg5 13. Qd5 Qh4
14. Qd3 Be6 15. Bb3 Rae8 16. Qf3 a6 17. Rfe1 Qg5 18. Rad1 Qe5 19. Re3 b5
20. Rde1 c6 21. Nd1 a5 22. a4 b4 23. Qe2 Nf4 24. Qf1 g5 25. Bc4 Qc5 26.
Bxe6 Rxe6 27. c4 Rfe8 28. g3 Ng6 29. b3 h5 30. Qe2 h4 31. Kh2 Qe5 32. Nb2
hxg3+ 33. fxg3 f5 34. exf5 Qxe3 35. fxe6 Qxe2+ 36. Rxe2 Ne5 37. c5 Rxe6 38.
Kg2 Kf7 39. cxd6 Rxd6 40. Kf2 Kf6 41. Rxe5 Kxe5 42. Nc4+ Kd5 43. Nxd6 Kxd6
44. Ke3 c5 1-0

[Event "40th Bosna Open"]
[Site "Sarajevo BIH"]
[Date "2010.05.11"]
[Round "7"]
[White "Ganaus,H"]
[Black "Sengupta,D"]
[Result "0-1"]
[WhiteElo "2297"]
[BlackElo "2508"]
[EventDate "2010.05.05"]

1. d4 e6 2. c4 d5 3. Nc3 c6 4. Nf3 dxc4 5. a4 Bb4 6. e4 b5 7. Be2 Bb7 8.
O-O a6 9. Bd2 Nd7 10. b3 Bxc3 11. Bxc3 Ngf6 12. bxc4 Nxe4 13. Bb2 b4 14.
Bd3 Nef6 15. Re1 a5 16. Nd2 Qc7 17. c5 Ba6 18. Bxa6 Rxa6 19. Nc4 O-O 20.
Qf3 Raa8 21. Rad1 Rab8 22. Rd3 Nd5 23. h4 Qf4 24. Qxf4 Nxf4 25. Rf3 Nd5 26.
Nxa5 Ra8 27. Nxc6 Rxa4 28. Ne5 Nxe5 29. Rxe5 Rfa8 30. Rb3 Kf8 31. Kf1 Ke8
32. Ke1 Kd7 33. Kd2 Kc6 34. Kd3 Kb5 35. g3 g6 36. h5 R4a6 37. hxg6 hxg6 38.
Re2 Rh8 39. Bc1 Rh1 40. Rc2 Ne7 41. Bd2 Nc6 42. g4 Rh4 43. f3 Rh3 44. Be3
Rxf3 45. g5 Ra1 46. Ke4 Rh3 47. Rf2 Re1 48. Rxf7 Kc4 0-1

[Event "40th Bosna Open"]
[Site "Sarajevo BIH"]
[Date "2010.05.11"]
[Round "7"]
[White "Das,Arg"]
[Black "Kislik,E"]
[Result "1/2-1/2"]
[WhiteElo "2481"]
[BlackElo "2353"]
[EventDate "2010.05.05"]

1. e4 c5 2. Nf3 d6 3. d4 cxd4 4. Nxd4 Nf6 5. Nc3 Nc6 6. Bg5 e6 7. Bb5 Bd7
8. Bxc6 bxc6 9. Qf3 Rc8 10. O-O-O Be7 11. Nb3 Qc7 12. Qg3 e5 13. f4 h6 14.
fxe5 Nh5 15. Bxe7 Nxg3 16. Bxd6 Nxh1 17. Bxc7 Rxc7 18. Rxh1 O-O 19. Nc5 Bc8
20. b3 Re8 21. Nd3 Ba6 22. Nc5 1/2-1/2

[Event "40th Bosna Open"]
[Site "Sarajevo BIH"]
[Date "2010.05.11"]
[Round "7"]
[White "Pavlovic,Milo2"]
[Black "Trkulja,G"]
[Result "1/2-1/2"]
[WhiteElo "2478"]
[BlackElo "2343"]
[EventDate "2010.05.05"]

1. e4 c5 2. Nf3 d6 3. d4 cxd4 4. Nxd4 e5 5. Bb5+ Bd7 6. Bxd7+ Qxd7 7. Nb3
Nf6 8. Nc3 h6 9. O-O Nc6 10. Qe2 Be7 11. Rd1 O-O 12. Be3 Qe6 13. Nd5 Bd8
14. f3 Ne8 15. c4 b6 16. Rd3 f5 17. exf5 Qxf5 18. Nd2 Bg5 19. Bf2 Bxd2 20.
Rxd2 Rf7 21. Rad1 Rc8 22. Nc3 Qe6 23. Ne4 Rd8 24. b3 Rfd7 25. Nc3 Ne7 26.
Bh4 g5 27. Bg3 Kf7 28. Nd5 Nxd5 29. Rxd5 Nf6 30. R5d2 h5 31. Bf2 Qf5 32. a4
d5 33. cxd5 Rxd5 34. Rxd5 Rxd5 35. Re1 Qd3 36. Qb2 Nd7 37. b4 Kf6 38. h4 g4
39. fxg4 hxg4 40. Qa2 Qd2 41. Qc4 Rd4 42. Qf1 Ke6 43. Bxd4 Qxd4+ 44. Qf2
Qxb4 45. Rf1 Qxa4 46. h5 Qd4 47. Qxd4 exd4 48. h6 Nf6 49. Rf4 d3 50. Rd4 a5
51. Rxd3 b5 52. Rd8 Kf7 53. Ra8 a4 54. Ra5 Kg6 55. Rxb5 Kxh6 56. Ra5 Nh5
57. Rxa4 Kg5 58. Kf2 Kh4 59. Ra8 Ng3 60. Rh8+ Nh5 61. Ke3 Kg5 62. Ke4 Nf6+
63. Ke5 Nh5 64. Rg8+ Kh4 65. Rh8 Kg5 66. g3 Nxg3 67. Rg8+ Kh4 68. Kf4 Nh5+
69. Ke3 Kg3 70. Rf8 Ng7 71. Rf7 Ne6 72. Rf5 Nc7 73. Re5 Na6 74. Rb5 Nc7 75.
Rb3 Ne6 76. Ke4+ Kh4 77. Rb6 Ng5+ 78. Kf4 Nh3+ 79. Ke3 Kg3 1/2-1/2

[Event "40th Bosna Open"]
[Site "Sarajevo BIH"]
[Date "2010.05.11"]
[Round "7"]
[White "Ozturk,Ku"]
[Black "Bogut,Z"]
[Result "1-0"]
[WhiteElo "2273"]
[BlackElo "2468"]
[EventDate "2010.05.05"]

1. d4 Nf6 2. c4 e6 3. Nf3 c5 4. g3 cxd4 5. Nxd4 Qc7 6. Nc3 a6 7. e3 Nc6 8.
Bg2 Ne5 9. b3 d5 10. O-O dxc4 11. f4 Nd3 12. bxc4 Qxc4 13. Na4 Nd7 14. Qb3
Qxb3 15. Nxb3 Rb8 16. Rd1 Nb4 17. a3 Nc6 18. Bb2 Na7 19. Rac1 Nb5 20. Nac5
b6 21. Nxd7 Bxd7 22. a4 Nd6 23. Be5 Bxa4 24. Bc6+ Bxc6 25. Rxc6 Kd7 26.
Bxd6 Kxc6 27. Bxb8 Bb4 28. Be5 f6 29. Rc1+ Kd5 30. Bc7 b5 31. Ba5 Bxa5 32.
Nxa5 Rb8 33. Nc6 Rb6 34. Nb4+ Kd6 35. Ra1 Kc5 36. Nxa6+ Kc4 37. Kf2 b4 38.
Rc1+ Kb3 39. Nc5+ Ka2 40. Rc2+ Ka3 41. Rd2 Rc6 42. Nd3 b3 43. Ke2 h5 44. h4
f5 45. Nb2 Rc1 46. Kd3 g6 47. Kd4 Rg1 48. Nc4+ Kb4 49. Rb2 Ka4 50. Nd2 Rg2
51. Kd3 Rxg3 52. Rxb3 Rh3 53. Rb6 Rxh4 54. Kc4 Ka3 55. Nb1+ Ka2 56. Nc3+
1-0

[Event "40th Bosna Open"]
[Site "Sarajevo BIH"]
[Date "2010.05.11"]
[Round "7"]
[White "Neubauer,M"]
[Black "Stojanovic,Andj"]
[Result "0-1"]
[WhiteElo "2458"]
[BlackElo "2305"]
[EventDate "2010.05.05"]

1. d4 d5 2. c4 c6 3. Nc3 Nf6 4. e3 g6 5. Nf3 Bg7 6. Bd3 O-O 7. O-O Bg4 8.
h3 Bxf3 9. Qxf3 e6 10. Rd1 Re8 11. b3 Nbd7 12. Bb2 Qe7 13. Bf1 dxc4 14.
bxc4 e5 15. a4 Qb4 16. Rdb1 Qa5 17. Qd1 exd4 18. exd4 Nf8 19. Ba3 Ne6 20.
Bb4 Qg5 21. Ne2 Ne4 22. Qd3 Rad8 23. Qxe4 Nxd4 24. Qxe8+ Rxe8 25. Ra2 c5
26. Ba3 b6 27. a5 Nf3+ 28. Kh1 Nd2 29. Rc1 Nb3 30. Rd1 Nxa5 31. Rd5 Qh4 32.
Rc2 Nxc4 33. g3 Qe4+ 34. Bg2 Qxc2 0-1

[Event "40th Bosna Open"]
[Site "Sarajevo BIH"]
[Date "2010.05.11"]
[Round "7"]
[White "Pruijssers,R"]
[Black "Estrada Nieto,J"]
[Result "1-0"]
[WhiteElo "2443"]
[BlackElo "2304"]
[EventDate "2010.05.05"]

1. e4 e5 2. Nf3 Nc6 3. Bb5 a6 4. Ba4 Nf6 5. O-O Be7 6. Re1 b5 7. Bb3 d6 8.
c3 O-O 9. h3 Na5 10. Bc2 c5 11. d4 Qc7 12. Nbd2 cxd4 13. cxd4 Bd7 14. Nf1
Rac8 15. Re2 Rfe8 16. Ng3 Bd8 17. b3 Nc6 18. Bb2 Qa7 19. a3 Bb6 20. dxe5
dxe5 21. Rd2 Nd4 22. Nxd4 Bxd4 23. Bxd4 exd4 24. Rc1 Be6 25. Ne2 Qe7 26. b4
Bc4 27. Nxd4 Nxe4 28. Nf5 Qg5 29. Bxe4 Rxe4 30. Nd6 Ree8 31. Nxc8 Rxc8 32.
Rd6 h6 33. Qd2 Qxd2 34. Rxd2 Ra8 35. Rcd1 Kh7 36. Rd8 Ra7 37. R1d7 1-0

[Event "40th Bosna Open"]
[Site "Sarajevo BIH"]
[Date "2010.05.11"]
[Round "7"]
[White "Csiszar,C"]
[Black "Tutic,R"]
[Result "0-1"]
[WhiteElo "2417"]
[BlackElo "2195"]
[EventDate "2010.05.05"]

1. d4 e6 2. c4 Nf6 3. Nf3 Bb4+ 4. Bd2 a5 5. g3 b6 6. Bg2 Bb7 7. O-O Bxd2 8.
Nbxd2 O-O 9. Qc2 d6 10. e4 Nbd7 11. Ne1 e5 12. d5 Bc8 13. h3 Nh5 14. Qc3
Qg5 15. Nc2 Nc5 16. Nf3 Qh6 17. Nh2 g6 18. Ng4 Qg7 19. Qf3 f5 20. exf5 Bxf5
21. Qc3 Nf6 22. Nxf6+ Rxf6 23. Ne3 Bd7 24. b3 Raf8 25. a3 a4 26. b4 Nb3 27.
Ra2 Qh6 28. Kh2 Rf3 29. Qc2 Bxh3 30. Bxh3 Rxe3 31. Kg2 Ref3 32. Bg4 R3f6
33. Bd1 Qg5 34. Qc3 h5 35. Rh1 Kg7 36. Rh4 Nd4 37. Bxa4 Nf3 38. Rh3 Qf5 39.
Bd1 Ng5 40. Rh4 Qxf2+ 0-1

[Event "40th Bosna Open"]
[Site "Sarajevo BIH"]
[Date "2010.05.11"]
[Round "7"]
[White "Willemze,T"]
[Black "Sadikovic,S"]
[Result "1-0"]
[WhiteElo "2408"]
[BlackElo "2177"]
[EventDate "2010.05.05"]

1. e4 d5 2. exd5 Qxd5 3. Nc3 Qa5 4. d4 Nf6 5. Bc4 c6 6. Nge2 Bf5 7. Ng3 e6
8. O-O Bg6 9. f4 Bd6 10. f5 exf5 11. Qe2+ Kd8 12. Bf4 Re8 13. Qd2 Bxf4 14.
Rxf4 Nbd7 15. Kh1 Nb6 16. d5 Nxc4 17. Rxc4 c5 18. Qf4 Ke7 19. Nxf5+ Bxf5
20. Qxf5 Kf8 21. Rf1 Rad8 22. Qf2 Rd7 23. h3 a6 24. a4 Re5 25. Rxc5 Qd8 26.
Qd4 Rg5 27. Qc4 Qb6 28. Rc8+ Rd8 29. d6 Re5 30. b4 Rxc8 31. Qxc8+ Re8 32.
d7 Rd8 33. a5 Nxd7 34. Qxd7 Rxd7 35. axb6 Rd4 36. Rb1 Rc4 37. Na4 Rc6 38.
c3 Ke7 39. Kg1 Ke6 40. Rd1 Ke7 41. Rd4 f5 42. Kf2 h5 43. h4 Rg6 44. Nc5
Rxb6 45. Rd7+ Kf6 46. Rxb7 Rd6 47. Rd7 Rc6 48. Ra7 1-0

[Event "40th Bosna Open"]
[Site "Sarajevo BIH"]
[Date "2010.05.12"]
[Round "8"]
[White "Bindrich,F"]
[Black "Gerzhoy,L"]
[Result "1/2-1/2"]
[WhiteElo "2539"]
[BlackElo "2469"]
[EventDate "2010.05.05"]

1. e4 c6 2. d4 d5 3. Nc3 dxe4 4. Nxe4 Bf5 5. Ng3 Bg6 6. h4 h6 7. Nf3 Nd7 8.
h5 Bh7 9. Bd3 Bxd3 10. Qxd3 e6 11. Bd2 Ngf6 12. O-O-O Qc7 13. Ne4 O-O-O 14.
g3 Nxe4 15. Qxe4 Bd6 16. Kb1 Rhe8 17. Qe2 e5 18. Rhe1 e4 19. Nh4 Nf6 20.
Nf5 Bf8 21. Bf4 Qd7 22. g4 Nd5 23. Be5 g6 24. hxg6 fxg6 25. Ng3 Bb4 26. Rh1
Bd6 27. c4 Nf4 28. Bxf4 Bxf4 29. Nxe4 h5 30. gxh5 Qf5 31. f3 gxh5 32. d5
cxd5 33. cxd5 Kb8 34. Qd3 Rf8 35. a4 Bd6 36. Ka2 Qd7 37. Qb3 Rh8 38. Rc1
Ka8 39. Rc4 a6 40. Ng5 Rdg8 41. Ne6 Rc8 42. Rg1 Rxc4 43. Qxc4 h4 44. Qd4
Qc8 45. Rc1 Qb8 46. Rh1 h3 47. Ng5 h2 48. Nf7 Rg8 49. f4 Bxf4 50. d6 Rg1
51. Rxh2 Bxh2 52. d7 Rg8 53. d8=R Rxd8 54. Nxd8 Qd6 55. Qxd6 1/2-1/2

[Event "40th Bosna Open"]
[Site "Sarajevo BIH"]
[Date "2010.05.12"]
[Round "8"]
[White "Prohaszka,P2"]
[Black "Pruijssers,R"]
[Result "1/2-1/2"]
[WhiteElo "2510"]
[BlackElo "2443"]
[EventDate "2010.05.05"]

1. d4 Nf6 2. c4 g6 3. g3 Bg7 4. Bg2 O-O 5. Nf3 d6 6. Nc3 Nbd7 7. O-O e5 8.
e4 a6 9. h3 b5 10. Re1 c6 11. c5 Ne8 12. Bg5 f6 13. Be3 dxc5 14. dxc5 Rf7
15. a4 b4 16. Na2 a5 17. Nc1 Bf8 18. Nb3 Ng7 19. Nfd2 Ba6 20. Rc1 Ne6 21.
Nc4 Ndxc5 22. Qxd8 Rxd8 23. Bxc5 Nxc5 24. Nxc5 Bxc5 25. Nxa5 Bd4 26. Nxc6
Rd6 27. Nxb4 Rb7 28. Nxa6 Rxa6 29. Bf1 Rxa4 30. Bc4+ Kg7 31. b3 Ra2 32. Rf1
f5 33. exf5 gxf5 34. Rcd1 Kf6 35. Kg2 Rg7 36. Rde1 1/2-1/2

[Event "40th Bosna Open"]
[Site "Sarajevo BIH"]
[Date "2010.05.12"]
[Round "8"]
[White "Sengupta,D"]
[Black "Willemze,T"]
[Result "1-0"]
[WhiteElo "2508"]
[BlackElo "2408"]
[EventDate "2010.05.05"]

1. e4 c6 2. d4 d5 3. e5 c5 4. Nf3 Bg4 5. dxc5 Nc6 6. Bb5 Qa5+ 7. Nc3 e6 8.
Bd2 Qc7 9. b4 Nge7 10. O-O a6 11. Ba4 Ng6 12. h3 Bxf3 13. Qxf3 Be7 14. Rac1
O-O 15. Bxc6 Qxc6 16. a3 a5 17. Ne2 Nxe5 18. Qg3 Ng6 19. Nd4 Qd7 20. Nb3
axb4 21. Bxb4 e5 22. Rcd1 f5 23. Rfe1 Ra6 24. Na5 Qc7 25. Qc3 d4 26. Qc4+
Kh8 27. Qb5 Rb8 28. c3 Bxc5 29. Qxc5 Qxc5 30. Bxc5 Rxa5 31. cxd4 exd4 32.
Bd6 Rc8 33. Rxd4 Kg8 34. Bb4 Rb5 35. Rd7 Ne5 36. Rd6 Rc2 37. Rd8+ Kf7 38.
f4 Ng6 39. Rd7+ Kf6 40. g3 Rc6 41. Re3 h5 42. h4 Rxb4 43. axb4 Rb6 44. Red3
Ke6 45. Rxg7 1-0